Statistics for Closest Capitals to a Random Asian Capital

Click here to take the quiz!

General Stats

  • This quiz has been taken 27 times
  • The average score is 18 of 20

Answer Stats

CentreDistanceCapital City% Correct
427Abu Dhabi
100%
925Addis Ababa
100%
Jerusalem71Amman
100%
436Amman
100%
528Ankara
100%
995Ankara
100%
1026Ankara
100%
932Baghdad
100%
929Baghdad
100%
557Baghdad
100%
759Baghdad
100%
447Baku
100%
455Baku
100%
Dili1903Bandar Seri Begawan
100%
1266Bandar Seri Begawan
100%
Phnom Penh536Bangkok
100%
987Bangkok
100%
810Beijing
100%
956Beijing
100%
237Beirut
100%
Nicosia240Beirut
100%
1038Bishkek
100%
1025Bishkek
100%
683Bishkek
100%
430Cairo
100%
217Damascus
100%
328Damascus
100%
1618Dhaka
100%
Sana'a438Djibouti
100%
576Doha
100%
Manama137Doha
100%
Abu Dhabi303Doha
100%
662Dushanbe
100%
450Dushanbe
100%
1752Hanoi
100%
990Hanoi
100%
1051Hanoi
100%
Kabul368Islamabad
100%
661Islamabad
100%
2087Jakarta
100%
1524Jakarta
100%
414Jerusalem
100%
450Kabul
100%
Islamabad370Kabul
100%
676Kathmandu
100%
1187Kuala Lumpur
100%
1483Kuala Lumpur
100%
995Kuala Lumpur
100%
834Kuwait City
100%
Kuwait City435Manama
100%
427Manama
100%
2613Manila
100%
Bandar Seri Begawan1258Manila
100%
435Muscat
100%
854Muscat
100%
813Naypyidaw
100%
2732New Delhi
100%
686New Delhi
100%
1427New Delhi
100%
2041Ngerulmud
100%
415Nicosia
100%
541Phnom Penh
100%
1775Phnom Penh
100%
1326Phnom Penh
100%
1051Phnom Penh
100%
2377Port Moresby
100%
Beijing810Pyongyang
100%
Seoul194Pyongyang
100%
425Riyadh
100%
534Riyadh
100%
770Riyadh
100%
957Seoul
100%
Pyongyang194Seoul
100%
1300Singapore
100%
Malé768Sri Jayawardenapura Kotte
100%
1480Taipei
100%
Manila1160Taipei
100%
1719Taipei
100%
1599Taipei
100%
Dushanbe308Tashkent
100%
755Tashkent
100%
905Tashkent
100%
Yerevan173Tbilisi
100%
772Tehran
100%
542Tehran
100%
786Tehran
100%
885Tehran
100%
Dhaka425Thimphu
100%
2105Tokyo
100%
1155Tokyo
100%
1286Tokyo
100%
1806Ulaanbaatar
100%
1169Ulaanbaatar
100%
1998Ulaanbaatar
100%
Hanoi479Vientiane
100%
Bangkok521Vientiane
100%
457Yerevan
100%
Tbilisi173Yerevan
100%
1003Delhi
50%
2822Dhaka
50%
2454Muscat
50%
Baku447Tbilisi
50%
775Abu Dhabi
0%
Muscat435Abu Dhabi
0%
303Abu Dhabi
0%
803Amman
0%
173Amman
0%
218Amman
0%
1008Ashgabat
0%
912Ashgabat
0%
779Ashgabat
0%
667Ashgabat
0%
564Asmara
0%
2563Astana
0%
818Athens
0%
986Baghdad
0%
697Baghdad
0%
784Baku
0%
Tehran541Baku
0%
1528Bandar Seri Begawan
0%
1483Bandar Seri Begawan
0%
1300Bandar Seri Begawan
0%
521Bangkok
0%
2378Bangkok
0%
1177Bangkok
0%
1415Bangkok
0%
807Bangkok
0%
2095Beijing
0%
Ulaanbaatar1172Beijing
0%
1715Beijing
0%
Damascus85Beirut
0%
712Beirut
0%
218Beirut
0%
2563Bishkek
0%
469Bishkek
0%
750Bucharest
0%
584Cairo
0%
494Cairo
0%
613Cairo
0%
750Damascus
0%
176Damascus
0%
Beirut87Damascus
0%
776Damascus
0%
Thimphu425Dhaka
0%
676Dhaka
0%
2172Dhaka
0%
1424Dhaka
0%
743Dhaka
0%
2082Dili
0%
737Doha
0%
489Doha
0%
1350Dushanbe
0%
Tashkent308Dushanbe
0%
683Dushanbe
0%
912Dushanbe
0%
1665Hanoi
0%
Vientiane482Hanoi
0%
1016Hanoi
0%
905Islamabad
0%
1348Islamabad
0%
1024Islamabad
0%
New Delhi689Islamabad
0%
898Jakarta
0%
1179Jakarta
0%
Amman70Jerusalem
0%
217Jerusalem
0%
234Jerusalem
0%
1038Kabul
0%
755Kabul
0%
1041Kabul
0%
1006Kabul
0%
434Kathmandu
0%
2374Kathmandu
0%
802Kathmandu
0%
1248Khartoum
0%
Singapore315Kuala Lumpur
0%
1188Kuala Lumpur
0%
1230Kuwait City
0%
Baghdad556Kuwait City
0%
534Kuwait CIty
0%
435Kuwait City
0%
571Kuwait City
0%
773Kuwait City
0%
Sri Jayawardenapura Kotte768Male
0%
Riyadh425Manama
0%
Doha137Manama
0%
854Manama
0%
Taipei1161Manila
0%
2999Manila
0%
737Muscat
0%
1016Naypyidaw
0%
716Naypyidaw
0%
744Naypyidaw
0%
1083Naypyidaw
0%
1417Naypyidaw
0%
2264Naypyidaw
0%
1233New Delhi
0%
802New Delhi
0%
1684Ngerulmud
0%
428Nicosia
0%
241Nicosia
0%
327Nicosia
0%
Ankara530Nicosia
0%
952Nur-Sultan
0%
1988Phnom Penh
0%
754Phnom Penh
0%
995Phnom Penh
0%
1142Phnom Penh
0%
1286Pyongyang
0%
1806Pyongyang
0%
1599Pyongyang
0%
484Riyadh
0%
1202Riyadh
0%
1074Riyadh
0%
1996Seoul
0%
1480Seoul
0%
Tokyo1155Seoul
0%
Jakarta898Singapore
0%
1142Singapore
0%
Kuala Lumpur315Singapore
0%
2105Taipei
0%
1008Tashkent
0%
Bishkek469Tashkent
0%
Ashgabat670Tehran
0%
698Tehran
0%
Kathmandu434Thimphu
0%
1226Thimphu
0%
1083Thimphu
0%
2297Victoria
0%
1420Vientiane
0%
Naypyidaw703Vientiane
0%
751Vientiane
0%
1691Vientiane
0%
762Yerevan
0%
783Yerevan
0%

Score Distribution

Percentile by Number Answered

Percent of People with Each Score

Your Score History

You have not taken this quiz